Catalog

Record Details

Catalog Search



Available copies

  • 1 of 1 copy available at LARL/NWRL Consortium.

Current holds

0 current holds with 1 total copy.

Show Only Available Copies
Location Call Number / Copy Notes Barcode Shelving Location Status Due Date
Thief River Falls Public Library ya REE (Text) 35500006142028 Main Available -

Record details

  • ISBN: 1338201123
  • ISBN: 9781338201123
  • ISBN: 9781338303711
  • Physical Description: 296 pages ; 21 cm.
  • Publisher: New York, NY : Scholastic Inc., [2017]

Content descriptions

General Note:
Includes excerpts from Predator's Gold by Philip Reeve.
Summary, etc.:
In the distant future, when cities move about and ... Read More
Subject: Teenagers > Fiction.
Future life > Fiction.
London (England) > Fiction.
Science fiction.
Future life
Teenagers.
England > London.
Nuclear weapons > Fiction.
City and town life > Fiction.
London (England) > Fiction.
Genre: Science fiction.
Young adult fiction.
Steampunk fiction.
Adventure fiction.
Science fiction.
Fiction.
Science fiction.
Young adult works.
Science fiction > Juvenile.
Young adult fiction.
LDR 02466cam a2200613Ii 4500
001281609
003LARL_NWRL_CONSORTIUM
00520190325151716.0
008170223r20172001nyu d 000 1 eng d
040 . ‡aYDX ‡beng ‡erda ‡cYDX ‡dBTCTA ‡dBDX ‡dRS$ ‡dOCLCO ‡dOEL ‡dOCLCO ‡dB@L ‡dOCLCF ‡dFSIMP ‡dCHILD ‡dOCLCA ‡dG8V ‡dINR
019 . ‡a973798850 ‡a973907180
020 . ‡a1338201123
020 . ‡a9781338201123
020 . ‡a9781338303711
035 . ‡a(OCoLC)973755161 ‡z(OCoLC)973798850 ‡z(OCoLC)973907180
08204. ‡a[Fic] ‡223
1001 . ‡aReeve, Philip, ‡eauthor. ‡0(LARL_NWRL_CONSORTIUM)122543
24510. ‡aMortal engines. ‡n#1 / ‡cPhilip Reeve.
264 1. ‡aNew York, NY : ‡bScholastic Inc., ‡c[2017]
300 . ‡a296 pages ; ‡c21 cm.
336 . ‡atext ‡2rdacontent
337 . ‡aunmediated ‡2rdamedia
338 . ‡avolume ‡2rdacarrier
4900 . ‡aMortal engines ; ‡v1
500 . ‡aIncludes excerpts from Predator's Gold by Philip Reeve.
520 . ‡aIn the distant future, when cities move about and consume smaller towns, a fifteen-year-old apprentice is pushed out of London by the man he most admires and must seek answers in the perilous Out-Country, aided by one girl and the memory of another.
650 0. ‡aTeenagers ‡vFiction. ‡0(LARL_NWRL_CONSORTIUM)167663
650 0. ‡aFuture life ‡vFiction. ‡0(LARL_NWRL_CONSORTIUM)165022
651 0. ‡aLondon (England) ‡vFiction. ‡0(LARL_NWRL_CONSORTIUM)165879
650 1. ‡aScience fiction. ‡0(LARL_NWRL_CONSORTIUM)178126
650 7. ‡2fast ‡aFuture life ‡0(LARL_NWRL_CONSORTIUM)178271
650 7. ‡aTeenagers. ‡2fast ‡0(LARL_NWRL_CONSORTIUM)36212
651 7. ‡aEngland ‡zLondon. ‡2fast
650 7. ‡aNuclear weapons ‡vFiction. ‡2sears ‡0(LARL_NWRL_CONSORTIUM)173754
650 7. ‡aCity and town life ‡vFiction. ‡2sears ‡0(LARL_NWRL_CONSORTIUM)164072
651 7. ‡aLondon (England) ‡vFiction. ‡2sears ‡0(LARL_NWRL_CONSORTIUM)165879
655 7. ‡aScience fiction. ‡2lcgft
655 0. ‡aYoung adult fiction.
655 7. ‡aSteampunk fiction. ‡2gsafd
655 7. ‡aAdventure fiction. ‡2gsafd
655 7. ‡aScience fiction. ‡2gsafd
655 7. ‡aFiction. ‡2fast
655 7. ‡aScience fiction. ‡2fast
655 7. ‡aYoung adult works. ‡2fast
655 4. ‡aScience fiction ‡vJuvenile.
655 4. ‡aYoung adult fiction.
905 . ‡uvanderl
901 . ‡a281609 ‡b ‡c281609 ‡tbiblio ‡soclc

Additional Resources